| 000 | 01717nam a2200409 c 4500 | ||
|---|---|---|---|
| 001 | 10698 | ||
| 003 | ES-MaCES | ||
| 005 | 20250121040008.0 | ||
| 008 | 000622s2000 sp f o000 | spa d | ||
| 017 |
_aM 2983-2000 _bDL |
||
| 024 | 7 |
_a207-99-103-5 _2nipo |
|
| 035 | _aCES20000007535m | ||
| 040 |
_aES-MaCES _bspa _cES-MaCES |
||
| 245 | 0 | 0 |
_aGuía de buenas prácticas para la implantación de acciones positivas en las empresas _ccofinanciado por el Fondo Social Europeo |
| 260 |
_a[Madrid] _bInstituto de la Mujer _c[2000] |
||
| 300 |
_a70 p. _c21x23 cm |
||
| 500 | _aEsta guía se edita dentro del Programa Óptima: una nueva gestión de los recursos humanos, que surge en 1995, en el marco de la Iniciativa Comunitaria Empleo y Desarrollo de los Recursos Humanos, capítulo NOW y que promueve el Instituto de la Mujer en colaboración con la Confederación Sindical de Comisiones Obreras | ||
| 541 | _cGratuito | ||
| 650 | 4 |
_amujeres _928657 |
|
| 650 | 4 |
_atrabajadora _928413 |
|
| 650 | 4 |
_adiscriminación por razones de sexo _929521 |
|
| 650 | 4 |
_aigualdad de oportunidades _927183 |
|
| 650 | 4 |
_aigualdad de oportunidades en el empleo _930649 |
|
| 650 | 4 |
_aproceso afirmativo _929856 |
|
| 650 | 4 |
_aEspaña _926964 |
|
| 650 | 4 |
_arepertorio de recomendaciones prácticas _929261 |
|
| 650 | 4 |
_aguía _929262 |
|
| 653 | 1 | 0 | _aMujer |
| 650 | 4 |
_928178 _aempresa |
|
| 710 | 2 |
_aFondo Social Europeo _ecol. _93639 |
|
| 710 | 2 |
_aComisiones Obreras _bSecretaría Confederal de la Mujer _ecol. _92140 |
|
| 710 | 2 |
_aInstituto de la Mujer (España) _eed. _94190 |
|
| 730 | 0 |
_aPrograma Óptima _d1995 _933451 |
|
| 902 | _aLIB Libro | ||
| 942 |
_2CES _cBK _h3.3. |
||
| 999 |
_c10698 _d10698 |
||